Normal view
MARC view
- Aspinall-Ogalander, C.F
Entry Personal Name
001 - CONTROL NUMBER
- control field: 49637
003 - CONTROL NUMBER IDENTIFIER
- control field: NUST
005 - DATE AND TIME OF LATEST TRANSACTION
- control field: 20210314134409.0
008 - FIXED-LENGTH DATA ELEMENTS
- fixed length control field: 210314|| aca||aabn | a|a d
040 ## - CATALOGING SOURCE
- Original cataloging agency: NUST
- Transcribing agency: NUST
100 ## - HEADING--PERSONAL NAME
- Personal name: Aspinall-Ogalander, C.F
670 ## - SOURCE DATA FOUND
- Source citation: Work cat.: (NUST): Aspinall-Ogalander, C.F, Military operation Gallipoli Vol II, 1932
